| 000 | 00368nam a2200145 a 4500 | ||
|---|---|---|---|
| 001 | 5486 | ||
| 003 | CDMR | ||
| 005 | 20151022114802.0 | ||
| 008 | 130130s2003||||||||||||||||||||||||||||d | ||
| 040 |
_aCDMR _bcat _cCPC LLEIDA |
||
| 110 |
_92840 _aUnió Europea |
||
| 245 | 0 | _aProyecto de Tratado Constitución Europea | |
| 260 |
_c2003 _bConvención Europea |
||
| 942 |
_cMON _2ddc |
||
| 999 |
_c5486 _d5486 |
||